Zákon o dlhopisoch

Úplné znenie zákona č. 530/1990 Zb. o dlhopisoch s komentárom a s dôrazom na poslednú novelu, ktorá zavŕšila proces liberalizácie vydávania dlhopisov.

Enregistré dans:
Détails bibliographiques
Auteur principal: Kohút, Jozef
Format: Chapitre de livre
Langue:slovaque
Sujets:
Tags: Ajouter un tag
Pas de tags, Soyez le premier à ajouter un tag!

MARC

LEADER 00000naa a2200000 4500
001 r046467
005 20230919120546.9
041 0 |a slo 
044 |a SK 
245 1 0 |a Zákon o dlhopisoch  |c Jozef Kohút 
520 |a Úplné znenie zákona č. 530/1990 Zb. o dlhopisoch s komentárom a s dôrazom na poslednú novelu, ktorá zavŕšila proces liberalizácie vydávania dlhopisov. 
610 2 0 |a dlhopisy 
610 2 0 |a zákony 
610 2 0 |a novelizácia 
610 2 0 |a komentáre 
610 2 0 |a liberalizácia 
610 2 0 |a Slovensko 
100 1 |a Kohút, Jozef